[Event "RSA-ch U18"]
[Site "Bloemfontein"]
[Date "2016.03.22"]
[Round "5"]
[White "King, Eduard Norman"]
[Black "Smith, David2222"]
[Result "1/2-1/2"]
[WhiteElo "1516"]
[BlackElo "1632"]
[PlyCount "78"]
[EventDate "2016.03.20"]
[EventType "swiss"]
[EventRounds "11"]
[EventCountry "RSA"]
[SourceTitle "CBM 171 Extra"]
[Source "ChessBase"]
[SourceDate "2016.04.26"]
[SourceVersion "1"]
[SourceVersionDate "2016.04.26"]
[SourceQuality "1"]

1. d4 d5 2. Nf3 Nf6 3. Bg5 c6 4. Nbd2 Bf5 5. e3 Nbd7 6. Be2 h6 7. Bh4 e6 8. 0-0 Be7 9. c4 0-0 10. Qb3 Qb6 11. Ne5 Rfe8 12. Bxf6 Nxf6 13. Qxb6 axb6 14. a3 Bd6 15. Rfc1 Bxe5 16. dxe5 Nd7 17. f4 f6 18. exf6 Nxf6 19. b4 Rac8 20. Nb3 Be4 21. Nd4 e5 22. fxe5 Rxe5 23. cxd5 Bxd5 24. Bc4 g6 25. Bxd5+ Nxd5 26. Re1 Rce8 27. Nc2 Nxe3 28. Rxe3 Rxe3 29. Nxe3 Rxe3 30. Kf2 Re7 31. Ra2 Kf7 32. Kf3 Re6 33. Rd2 Ke7 34. h4 b5 35. Kf4 b6 36. g4 c5 37. bxc5 bxc5 38. Rd5 Rc6 39. Ke5 Re6+ 1/2-1/2

[Event "RSA-ch U18"]
[Site "Bloemfontein"]
[Date "2016.03.20"]
[Round "1"]
[White "King, Eduard Norman"]
[Black "Marais, Franco"]
[Result "1/2-1/2"]
[WhiteElo "1516"]
[BlackElo "1815"]
[PlyCount "66"]
[EventDate "2016.03.20"]
[EventType "swiss"]
[EventRounds "11"]
[EventCountry "RSA"]
[SourceTitle "CBM 171 Extra"]
[Source "ChessBase"]
[SourceDate "2016.04.26"]
[SourceVersion "1"]
[SourceVersionDate "2016.04.26"]
[SourceQuality "1"]

1. d4 d5 2. Nf3 Nf6 3. Bg5 c6 4. Nbd2 Bf5 5. e3 Nbd7 6. c3 h6 7. Bh4 e6 8. Be2 Be7 9. 0-0 0-0 10. c4 Re8 11. Qb3 Qb6 12. Qxb6 axb6 13. cxd5 exd5 14. a3 Ra7 15. Rfc1 Rea8 16. Nb3 b5 17. Kf1 g5 18. Bg3 Ne8 19. Nfd2 b4 20. axb4 Bxb4 21. Rxa7 Rxa7 22. f3 Ndf6 23. Be1 Ra2 24. Ra1 Rxb2 25. Ra7 Bc2 26. Na1 Bxd2 27. Bxd2 Bg6 28. Ke1 Rb1+ 29. Bd1 Kg7 30. Nb3 Bc2 31. Nc1 Bxd1 32. Kxd1 Rb2 33. Nd3 Rb5 1/2-1/2